Campaña y guarnición : (Record no. 18975)

000 -CABECERA
fixed length control field 01084nam a22002537a 4500
003 - IDENTIFICADOR DEL NÚMERO DE CONTROL
control field AR-CdUCM
008 - DATOS DE LONGITUD FIJA--INFORMACIÓN GENERAL
fixed length control field 190516b ||||| |||| 00| 0 spa d
020 ## - NÚMERO INTERNACIONAL ESTÁNDAR DEL LIBRO
ISBN 968-816-054-7
040 ## - FUENTE DE LA CATALOGACIÓN
Agencia/entidad que catalogó originalmente la obra MUNICIPALIDAD PROVINCIAL DEL CUSCO
Entidad que transcribió la catalogación BIBLIOTECA MUNICIPAL DEL CUSCO
082 ## - NÚMERO DE LA CLASIFICACIÓN DECIMAL DEWEY
No. de Clasificación 974 /
Notacion interna M32
100 ## - ENTRADA PRINCIPAL--NOMBRE DE PERSONA
Nombre Personal Máyer, Edelmiro
245 ## - MENCIÓN DE TÍTULO
Título Campaña y guarnición :
Resto del título el ambiente republicano contra el imperio de Maximiliano /
260 ## - PUBLICACIÓN, DISTRIBUCIÓN, ETC.
Lugar de publicación, distribución, etc. México :
Nombre de la editorial, distribuidor, etc. Comité Interno de Ediciones Gubernamentales,
Fecha de publicación, distribución, etc. 1985.
300 ## - DESCRIPCIÓN FÍSICA
Nº de Páginas Extensión 128 páginas ;
Otros detalles físicos ilustraciones,
Dimensiones 22 cm.
440 ## - MENCIÓN DE SERIE/PUNTO DE ACCESO ADICIONAL--TÍTULO
Título Colección Conciencia Cívica Nacional.
Número de la parte/sección de una obra 17
9 (RLIN) 39953
505 ## - NOTA DE CONTENIDO CON FORMATO
Nota de contenido formateada Contenido: A. muerte -- El ratoncito -- Introducción de bebidas -- Las soldaderas -- Víctima del amor -- Un desafío original -- Ignacia Ruiz -- Alrededor del fogón ...
650 ## - PUNTO DE ACCESO ADICIONAL DE MATERIA--TÉRMINO DE MATERIA
Descriptor México
9 (RLIN) 18
650 ## - PUNTO DE ACCESO ADICIONAL DE MATERIA--TÉRMINO DE MATERIA
Descriptor Historia
9 (RLIN) 136
650 ## - PUNTO DE ACCESO ADICIONAL DE MATERIA--TÉRMINO DE MATERIA
Descriptor Revolución
9 (RLIN) 844
710 ## - PUNTO DE ACCESO ADICIONAL--NOMBRE DE ENTIDAD CORPORATIVA
Nombre corporativo (En letras Mayúsculas) Departamento del Distrito Federal - México.
9 (RLIN) 39954
710 ## - PUNTO DE ACCESO ADICIONAL--NOMBRE DE ENTIDAD CORPORATIVA
Nombre corporativo (En letras Mayúsculas) Secretaria General de Desarrollo Social.
9 (RLIN) 34645
942 ## - ELEMENTOS DE PUNTO DE ACCESO ADICIONAL (KOHA)
Fuente de clasificación
Tipo de item Libros-BMC
945 ## - PROCESAMIENTO DE INFORMACIÓN LOCAL (OCLC)
Catalogador achl
AAAA-MM-DD - Fecha de ingreso o modificacion 2019-05-16
Holdings
Estado de retiro (separado) Fuente de clasificación o esquema de estanterías Estado dañado Ubicación Sala donde se ubica Nombre de la colección Fecha de adquisición o compra Costo, precio normal en soles Signatura topográfica Código de Barras Última vez visto (Koha) Tipo de ítem (Koha)
No     Sala Humanidades Sala Humanidades Book Cart 2019-05-16 30.00 974 / M32 SH0000013875 2019-05-16 Libros-BMC

Powered by Koha